Sobre la fotografía

Gespeichert in:
Bibliographische Detailangaben
1. Verfasser: Sontag, Susan (VerfasserIn)
Format: Buch
Sprache:Spanisch
Veröffentlicht: Barcelona Edhasa 1981
Schlagworte:
Tags: Tag hinzufügen
Keine Tags, Fügen Sie den ersten Tag hinzu!

MARC

LEADER 00000nam a2200000 a 4500
001 UCL3485
003 CL-VaPUC
008 031128e19810000SP |||||||||||||||||spa|d
020 |a 8435014177 
082 0 4 |a 814  |b SON  |2 21 
100 0 |a Sontag, Susan  |e author  |9 480771 
245 1 0 |a Sobre la fotografía 
300 |a 217 p 
942 |c BK 
945 |d 20031128 00:00:00  |a cmena 
260 |a Barcelona  |b Edhasa  |c 1981 
650 0 |a Ensayos estadounidenses  |9 268384 
650 0 |a Fotografía  |9 268495 
650 0 |a Estética   |9 264950 
583 |a last modification  |c 20031128 00:00:00  |k Rodrigo Vera 
999 |c 306520  |d 306518 
952 |0 0  |1 0  |4 0  |6 814_000000000000000_SON_1981  |7 0  |8 R  |9 371563  |a BIBART  |b BIBART  |d 2019-11-21  |i 3966801  |l 11  |m 2  |o 814 SON 1981  |p 3966801  |r 2025-03-13  |s 2024-09-02  |w 2019-11-21  |y BK_R  |k ART